000 01301cam a2200337 4500
008 090401t1988 xxu||||| |||| 00| 0 eng d
020 _a063203646X
035 _a(Sirsi) u33916
041 _aeng
050 _a692.8
100 _aPowell-Smith, Vincent
245 _aPowell-Smith & Sims` building contract claims.
250 _a3rd ed.
260 _aOxford
_bBlackwell Scientific
_c1988
300 _axi,426p. ; 25cm.
350 _a45
520 _aThis edition by David Chappell. Examines the legal basis of claims for additional payement under the main forms of building contract. Uses JCT 80 to highlight the important differences in other forms. Includes chapters on the preparation and negotiation of claims, the role of the quantity surveyor as well as incorporating references to recent legislation and case law.
520 _aSuperseded by fourth edition (ISBN 140511763X).
650 _aBUILDING CLAIMS
650 _aBUILT ENVIRONMENT-BUILDING CONTRACT FORMS
650 _aCONTRACT CLAIMS
650 _aEXTENSIONS OF TIME
650 _aLIQUIDATED DAMAGES
650 _aLOSS AND EXPENSE
650 _aVARIATIONS
690 _aBUILT ENVIRONMENT-BUILDING CONTRACT FORMS
700 _aSims, John
700 _aChappell, David
942 _n0
948 _c04/03/1997
999 _c89874
_d89874